zpět

Detail výsledku týmu

Pohostinec Roudné, Roudné

Datum a čas kvízu

40 Celkem bodů Celkový počet nahraných bodů na tomto kvízu bez doplňovacích otázek.
3. Pořadí na kvízu Konečné umístění týmu na tomto kvízu.

Zaznamenané odpovědi

# Otázka Odpověď Body Výsledky
1. Ve čtvrtek jsme se dozvěděli,... Rohlík.cz 0
2. O nebývalý rozruch se na newyo... A) mýval 1
3. Který bývalý člen kanceláře pr... Jiří Ovčáček 1
4. Řetězec Pepco se pod tlakem zá... C) zkušební kabiny 1
5. V úterý byly zveřejněny podrob... Tadej Pogačar, Spojené arabské emiráty 0
6. Napište názvy dvou filmů Zacka... 300: Bitva u Thermopyl, 300: Vzestup říše 0.5
7. Přiřaďte následující herce k p... 1B 2D 3C 4A 1
8. Německý film režiséra Edwarda... Na západní frontě klid, Erich Maria Remarque 1
9. Film Pianista byl natočen v ro... Adrien Brody, Roman Polański 0
10. Napište název filmu, z něhož p... Nepřítel před branami 1